| 000 | 00742cam a2200253 a 4500 | ||
|---|---|---|---|
| 999 |
_c5658 _d5658 |
||
| 003 | ALUPE UNIVERSITY | ||
| 005 | 20220513090237.0 | ||
| 008 | 000000u19750000xxu 0|| u|eng|d | ||
| 020 | _a- | ||
| 040 | _cALUPE UNIVERSITY | ||
| 050 |
_aQR181 _b.I46 1975 |
||
| 090 | _aQR181 .S37 1975 | ||
| 245 | 0 | 0 |
_aImmunology : _ba scope monograph. |
| 250 | _a3d ed., rev. | ||
| 260 |
_aKalamazoo, Mich. : _bUpjohn Co., _cc1975. |
||
| 300 |
_a96 p. : _bill. (some col.) ; _c29 cm. |
||
| 500 | _aEdition for 1970 published under title: Scope monograph on immunology. | ||
| 504 | _aIncludes bibliographical references. | ||
| 650 | 0 | _aImmunology. | |
| 710 | 2 | _aUpjohn Company. | |
| 907 | _a.b11460246 | ||
| 942 |
_2lcc _cBK _nCM |
||